Les autres ingrédients - Statistiques

Statistiques générales
  • Ce quiz a été pris 118 fois
  • Le résultat moyen est 12 sur 18
Statistiques - réponses
Par images Réponse % Correct
œuf
99%
sucre
99%
ketchup
98%
huile d'olive
97%
miel
95%
chocolat
89%
moutarde
83%
sirop
80%
confiture
77%
lentille
69%
sel
64%
beurre de cacahuète
61%
vinaigre
60%
chapelure
55%
mayonnaise
42%
cassonade
40%
poivre
32%
levure chimique
9%
Aucun quiz correspondant
Distribution des résultats
% des personnes avec chaque résultat
Percentile par nombre de réponses
Votre historique - résultats
Vous n’avez pas pris ce quiz